Szwajcarscy skoczkowie narciarscy z punktami PŚ w sezonie 2025/26 - Statystyki

Ogólne statystyki
  • Ten quiz został rozwiązany 21 razy
  • Średni wynik to 5 z 7
Statystyki odpowiedzi
Miejsce w PŚ Skoczek narciarski Liczba punktów % Poprawnych
19. Gregor Deschwanden 418
100%
46. Simon Ammann 41
100%
70. Killian Peier 4
90%
32. Sandro Hauswirth 174
80%
46. Felix Trunz 41
70%
67. Yanick Wasser 5
45%
62. Juri Kesseli 11
35%
Nie znaleziono quizów pasujących do podanych kryteriów
Rozkład punktacji
Procent ludzi z każdym wynikiem
Percentyl według liczby udzielonych odpowiedzi
Twoja historia wyników
Nie rozwiązałeś tego quizu